| 000 | 00862nam a22002057a 4500 | ||
|---|---|---|---|
| 005 | 20240718155747.0 | ||
| 010 | _aHIN-127995 | ||
| 020 |
_c400.0 _a9788193804445 |
||
| 035 | _aHN-100341 | ||
| 037 | _bDBAD | ||
| 082 | _aउ | ||
| 100 |
_aअनुरागी, अजय _968558 |
||
| 245 |
_aसीढियों पर सपने/ _bअजय अनुरागी |
||
| 250 | _a1 | ||
| 260 |
_aजयपुर _bमंथन पब्लिकेशन _c2021 |
||
| 270 |
_a1926, गीतांजलि अपार्टमेंट, पहली मंज़िल, नाटानियों का रास्ता _bजयपुर _e302003 _k0141-2315072 _mpanchsheelprakashan@gmail.com |
||
| 300 |
_a150पृ. _c23 सेमी. (सजिल्द) |
||
| 650 |
_aहिन्दी _968559 |
||
| 942 |
_2ddc _cHN _hउ _mअनुरा |
||
| 999 |
_c204099 _d204099 |
||